Down to earth: agriculture and poverty reduction in Africa agriculture and poverty reduction in Africa
Gespeichert in:
| 1. Verfasser: | |
|---|---|
| Weitere Verfasser: | |
| Format: | Buch |
| Sprache: | Englisch |
| Veröffentlicht: |
Washington, D.C.
<The> World Bank
2007
|
| Schriftenreihe: | Directions in development
|
| Schlagworte: | |
| Tags: |
Keine Tags, Fügen Sie das erste Tag hinzu!
|
MARC
| LEADER | 00000nam$a2200000$$$4500 | ||
|---|---|---|---|
| 001 | 0054539 | ||
| 005 | 20240315115210.8 | ||
| 020 | |a 978-0-8213-6854-1 | ||
| 020 | |a 0-8213-6854-0 | ||
| 041 | 0 | |a eng | |
| 044 | |a US | ||
| 245 | 1 | 0 | |a Down to earth: agriculture and poverty reduction in Africa |b agriculture and poverty reduction in Africa |c Luc Christiaensen and Lionel Demery |
| 264 | 1 | |a Washington, D.C. |b <The> World Bank |c 2007 | |
| 300 | |a 105 s. | ||
| 490 | 1 | |a Directions in development | |
| 830 | 0 | |a Directions in development | |
| 610 | 2 | 0 | |a krajiny rozvojové |
| 610 | 2 | 0 | |a poľnohospodárstvo |
| 610 | 2 | 0 | |a chudoba |
| 610 | 2 | 0 | |a chudoba |
| 610 | 2 | 0 | |a rast hospodársky |
| 610 | 2 | 0 | |a redukcia chudoby |
| 610 | 2 | 0 | |a štúdie prípadové |
| 610 | 2 | 0 | |a sektory hospodárske |
| 610 | 2 | 0 | |a modelovanie ekonometrické |
| 610 | 2 | 0 | |a politika poľnohospodárska |
| 100 | 1 | |a Christiaensen, Luc | |
| 700 | 1 | |a Demery, Lionel | |